THE EARTH GODS (Record no. 216796)

MARC details
000 -LEADER
fixed length control field 00405nam a22001577a 4500
008 - FIXED-LENGTH DATA ELEMENTS--GENERAL INFORMATION
fixed length control field 260306b |||||||| |||| 00| 0 eng d
020 ## - INTERNATIONAL STANDARD BOOK NUMBER
International Standard Book Number 978-1-5287-1598-0
050 ## - LIBRARY OF CONGRESS CALL NUMBER
Classification number PS 3513 .I25 G53 2019
Item number 1
100 ## - MAIN ENTRY--PERSONAL NAME
Personal name GIBRAN ,KAHLIL
245 ## - TITLE STATEMENT
Title THE EARTH GODS
260 ## - PUBLICATION, DISTRIBUTION, ETC.
Place of publication, distribution, etc. BRITISH
Name of publisher, distributor, etc. READ BOOKS LIMITED
Date of publication, distribution, etc. 2019
300 ## - PHYSICAL DESCRIPTION
Extent 28P;ILL
650 ## - SUBJECT ADDED ENTRY
Topical term or geographic name entry element THE EARTH GODS
942 ## - ADDED ENTRY ELEMENTS (KOHA)
Source of classification or shelving scheme Library of Congress Classification
Koha item type Long Loan Book
Holdings
Withdrawn status Lost status Source of classification or shelving scheme Damaged status Not for loan Collection Home library Current library Shelving location Date acquired Inventory number Total checkouts Full call number Barcode Date last seen Copy number Price effective from Koha item type
    Library of Congress Classification     Arts & Social Sciences Kisii University Library Kisii University Library On Display 03/06/2026 111988   PS 3513 .I25 G53 2019 A000122 03/06/2026 1 03/06/2026 Long Loan Book
    Library of Congress Classification     Arts & Social Sciences Kisii University Library Kisii University Library On Display 03/06/2026 111989   PS 3513 .I25 G53 2019 A000121 03/06/2026 2 03/06/2026 Long Loan Book
    Library of Congress Classification     Arts & Social Sciences Kisii University Library Kisii University Library On Display 03/06/2026 111990   PS 3513 .I25 G53 2019 A000124 03/06/2026 3 03/06/2026 Long Loan Book
    Library of Congress Classification     Arts & Social Sciences Kisii University Library Kisii University Library On Display 03/06/2026 111991   PS 3513 .I25 G53 2019 A000123 03/06/2026 4 03/06/2026 Long Loan Book